[Event "SVK-ch U16"]
[Site "Tatralandia"]
[Date "2024.04.12"]
[Round "9"]
[White "Barta, Dominik"]
[Black "Sujan, Daniel"]
[Result "1/2-1/2"]
[WhiteElo "1577"]
[BlackElo "1702"]
[PlyCount "75"]
[EventDate "2024.04.05"]
[EventType "swiss"]
[EventRounds "9"]
[EventCountry "SVK"]
[SourceTitle "CB16_2024"]
[SourceDate "2024.04.17"]
[SourceVersion "1"]
[SourceVersionDate "2024.04.17"]
[SourceQuality "1"]

1. e4 e5 2. Nc3 Nc6 3. Bc4 Nf6 4. d3 Na5 5. Bb3 Nxb3 6. axb3 Bb4 7. f4 d6 8. Nf3 exf4 9. Bxf4 h6 10. 0-0 0-0 11. Nd4 Bc5 12. Be3 Ng4 13. Qd2 c6 14. Nf5 Nxe3 15. Nxe3 Qb6 16. Rae1 Be6 17. Na4 Bxe3+ 18. Qxe3 Qxe3+ 19. Rxe3 Rae8 20. e5 dxe5 21. Rxe5 b6 22. Rfe1 Bd7 23. Re7 Rxe7 24. Rxe7 Rd8 25. Nc3 Kf8 26. Re3 Re8 27. Rxe8+ Kxe8 28. Ne4 Ke7 29. Kf2 f5 30. Nd2 Be6 31. b4 g5 32. Nf3 Kd6 33. Nd4 Bd7 34. Ke3 c5 35. bxc5+ Kxc5 36. c3 a5 37. Nb3+ Kd5 38. c4+ 1/2-1/2

[Event "SVK-ch U16"]
[Site "Tatralandia"]
[Date "2024.04.06"]
[Round "2"]
[White "Libich, Oliver1"]
[Black "Barta, Dominik"]
[Result "1-0"]
[WhiteElo "1857"]
[BlackElo "1577"]
[PlyCount "25"]
[EventDate "2024.04.05"]
[EventType "swiss"]
[EventRounds "9"]
[EventCountry "SVK"]
[SourceTitle "CB16_2024"]
[SourceDate "2024.04.17"]
[SourceVersion "1"]
[SourceVersionDate "2024.04.17"]
[SourceQuality "1"]

1. d4 f5 2. Bg5 h6 3. Bh4 g5 4. Bg3 f4 5. e3 e5 6. Qh5+ Ke7 7. Bh4 Ke6 8. dxe5 gxh4 9. Bc4+ d5 10. exd6+ Kxd6 11. Nc3 Kd7 12. 0-0-0+ Bd6 13. Qf5+ 1-0